000 00576cam a2200217Mu 4500
001 45723
005 20230410105514.0
008 960910s1970 xx 000 0 spa d
035 _a(OCoLC)ocm79082950
040 _aNeAmISG
_cNEIGS
_dDRFGD
035 _a(OCoLC)79082950
050 1 4 _aHC 51
_bG419 1970
245 0 0 _aDependencia /
_cGunder Frank ... [et al.].
260 _a[s.l. :
_bs.n.],
_c[1970?]
300 _av, 152 p.
440 0 _aCuadernos universitarios ;
_v1
700 1 _aFrank, Andre Gunder.
942 _2lcc
_cbk
946 _almminaya
994 _aC0
_bDRFGD
999 _c38106
_d38106